Les Amérindiens - Indiens d'Amérique et métis célèbres (par image) - Statistiques

Statistiques générales
  • Ce quiz a été pris 44 fois
  • Le résultat moyen est 4 sur 20
Statistiques - réponses
Par images Hint Réponse % Correct
Powhatan Pocahontas
82%
Sioux Tȟatȟáŋka Íyotake / Taureau assis / Sitting Bull
76%
Apache Go Khla Yeh / Geronimo
61%
Apache Cochise
39%
Sioux Cha-O-Ha / Tašúŋke Witkó / Cheval fou / Crazy Horse
29%
Sioux Maȟpíya Lúta / Nuage rouge / Red Cloud
26%
Ascendance cherokee Burt Reynolds
16%
Capilanos Chief Dan George
13%
Aztèque Moctezuma II
13%
Ascendance oneida Neilson Powless
13%
Ascendance dénésuline Louis Riel
8%
Outaouais Pontiac
8%
Chaouanons Tecumseh
8%
Inca Atahualpa
5%
Aztèque Juan Diego Cuauhtlatoatzin
5%
Hurons Kondiaronk
5%
Apache Dasoda hae / Mangas Coloradas
3%
Ascendance sarsi Gabriel Dumont
3%
Mi'kmaq Henri Membertou
3%
Ascendance potawatomie ainsi que sauk et fox Jim Thorpe
3%
Aucun quiz correspondant
Distribution des résultats
% des personnes avec chaque résultat
Percentile par nombre de réponses
Votre historique - résultats
Vous n’avez pas pris ce quiz